000
00336nam a2200133Ia 4500
008
240624s9999 xx 000 0 und d
041
_a
eng
082
_a
330.12 HAR
100
_a
HARVEY DAVID
245
_a
BRIEF HISTORY OF NEOLIBERALISM
260
_c
2006
_a
New York
_b
Oxford University Press
300
_a
254 : p.
365
_c
GBP
_b
26
999
_c
20995
_d
20995